[Event "Nuoro op"]
[Site "Nuoro"]
[Date "1993.??.??"]
[Round "?"]
[White "Kosten, Anthony C"]
[Black "Sanna, Gianlazzaro"]
[Result "1-0"]
[WhiteElo "2505"]
[BlackElo "2390"]
[PlyCount "65"]
[EventDate "1993.??.??"]
[EventType "swiss"]
[EventRounds "9"]
[EventCountry "ITA"]
[SourceTitle "EXT 2004"]
[Source "ChessBase"]
[SourceDate "2003.11.25"]
[SourceVersion "1"]
[SourceVersionDate "2003.11.25"]
[SourceQuality "1"]

1. c4 e6 2. g3 d5 3. Bg2 dxc4 4. Na3 Nf6 5. Nxc4 c5 6. b3 Be7 7. Bb2 0-0 8. Nf3 Nc6 9. 0-0 Nd5 10. d4 Nxd4 11. Nxd4 cxd4 12. Qxd4 Bf6 13. Qd2 Bxb2 14. Qxb2 b5 15. Na3 b4 16. Nc2 Rb8 17. Rfd1 Qf6 18. Qxf6 Nxf6 19. Rd4 a5 20. Ne3 Bb7 21. Nc4 Bxg2 22. Kxg2 Rb5 23. Rd6 Ra8 24. Rad1 Rd5 25. Nb6 Rxd1 26. Rxd1 Rb8 27. Nc4 Nd5 28. Nxa5 Ra8 29. Nc6 Nc3 30. Rd4 Nxa2 31. Rc4 Nc3 32. Nxb4 Nxe2 33. Kf1 1-0

[Event "Olympiad-29"]
[Site "Novi Sad"]
[Date "1990.12.03"]
[Round "14"]
[White "Hakki, Imad"]
[Black "Sanna, Gianlazzaro"]
[Result "1/2-1/2"]
[WhiteElo "2320"]
[BlackElo "2395"]
[PlyCount "31"]
[EventDate "1990.11.17"]
[EventType "team-swiss"]
[EventRounds "14"]
[EventCountry "YUG"]
[SourceTitle "EXT 2019"]
[Source "ChessBase"]
[SourceDate "2018.10.10"]
[SourceVersion "1"]
[SourceVersionDate "2018.10.10"]
[SourceQuality "1"]
[WhiteTeam "Syria"]
[BlackTeam "Italy"]
[WhiteTeamCountry "SYR"]
[BlackTeamCountry "ITA"]

1. e4 c5 2. Nf3 Nc6 3. d4 cxd4 4. Nxd4 Nf6 5. Nc3 d6 6. Bg5 e6 7. Qd2 a6 8. 0-0-0 h6 9. Bf4 Bd7 10. Nxc6 Bxc6 11. f3 d5 12. exd5 Nxd5 13. Be5 f6 14. Nxd5 Qxd5 15. Qxd5 Bxd5 16. Bd4 1/2-1/2

[Event "Olympiad-29"]
[Site "Novi Sad"]
[Date "1990.12.01"]
[Round "13"]
[White "Van Riemsdijk, Herman Claudius"]
[Black "Sanna, Gianlazzaro"]
[Result "1/2-1/2"]
[WhiteElo "2440"]
[BlackElo "2395"]
[PlyCount "45"]
[EventDate "1990.11.17"]
[EventType "team-swiss"]
[EventRounds "14"]
[EventCountry "YUG"]
[SourceTitle "EXT 2019"]
[Source "ChessBase"]
[SourceDate "2018.10.10"]
[SourceVersion "1"]
[SourceVersionDate "2018.10.10"]
[SourceQuality "1"]
[WhiteTeam "Brazil"]
[BlackTeam "Italy"]
[WhiteTeamCountry "BRA"]
[BlackTeamCountry "ITA"]

1. e4 c5 2. Nf3 Nc6 3. d4 cxd4 4. Nxd4 Nf6 5. Nc3 d6 6. Bg5 e6 7. Qd2 a6 8. 0-0-0 h6 9. Be3 Be7 10. f3 Nxd4 11. Qxd4 b5 12. Qb6 0-0 13. Qxd8 Rxd8 14. Bb6 Rd7 15. Kb1 Bb7 16. Be2 Bc6 17. Ba5 Rb7 18. a3 d5 19. exd5 Nxd5 20. Nxd5 Bxd5 21. Bd3 Bd8 22. Bxd8 Rxd8 23. Be4 1/2-1/2

[Event "Olympiad-29"]
[Site "Novi Sad"]
[Date "1990.11.29"]
[Round "11"]
[White "Rahman, Tahmidur"]
[Black "Sanna, Gianlazzaro"]
[Result "1/2-1/2"]
[WhiteElo "2310"]
[BlackElo "2395"]
[PlyCount "29"]
[EventDate "1990.11.17"]
[EventType "team-swiss"]
[EventRounds "14"]
[EventCountry "YUG"]
[SourceTitle "EXT 2019"]
[Source "ChessBase"]
[SourceDate "2018.10.10"]
[SourceVersion "1"]
[SourceVersionDate "2018.10.10"]
[SourceQuality "1"]
[WhiteTeam "Bangladesh"]
[BlackTeam "Italy"]
[WhiteTeamCountry "BAN"]
[BlackTeamCountry "ITA"]

1. d4 d5 2. Nf3 Nf6 3. c4 e6 4. g3 Be7 5. Bg2 0-0 6. 0-0 dxc4 7. Qc2 a6 8. a4 Bd7 9. Ne5 Bc6 10. Nxc6 Nxc6 11. e3 Na5 12. Nd2 c5 13. dxc5 Rc8 14. b4 cxb3 15. Nxb3 1/2-1/2

[Event "Los Yebenes"]
[Site "Los Yebenes"]
[Date "1990.??.??"]
[Round "?"]
[White "Fernandes, Antonio ETG"]
[Black "Sanna, Gianlazzaro"]
[Result "0-1"]
[WhiteElo "2440"]
[BlackElo "2405"]
[PlyCount "60"]
[EventDate "1990.??.??"]
[EventType "tourn"]
[EventRounds "14"]
[EventCountry "ESP"]
[SourceTitle "EXT 2000"]
[Source "ChessBase"]
[SourceDate "1999.11.16"]
[SourceVersion "1"]
[SourceVersionDate "1999.11.16"]
[SourceQuality "1"]

1. e4 c5 2. Nf3 Nc6 3. Bb5 g6 4. 0-0 Bg7 5. c3 Nf6 6. Qe2 0-0 7. e5 Nd5 8. d4 cxd4 9. cxd4 d6 10. h3 Qb6 11. Rd1 Be6 12. Na3 a6 13. Ba4 Qa7 14. Bxc6 bxc6 15. Nc4 h6 16. Bd2 Nb6 17. Ne3 Nd5 18. Nc4 Rfd8 19. Rac1 Rac8 20. Ba5 Rd7 21. b3 Qb8 22. Nfd2 dxe5 23. dxe5 Nf4 24. Qe3 Nd3 25. Rc3 Bxc4 26. Nxc4 Nxe5 27. Rxd7 Nxd7 28. Qxe7 Re8 29. Qd6 Re1+ 30. Kh2 Be5+ 0-1

[Event "Los Yebenes"]
[Site "Los Yebenes"]
[Date "1990.??.??"]
[Round "?"]
[White "Sanna, Gianlazzaro"]
[Black "Fernandes, Antonio ETG"]
[Result "0-1"]
[WhiteElo "2405"]
[BlackElo "2440"]
[PlyCount "98"]
[EventDate "1990.??.??"]
[EventType "tourn"]
[EventRounds "14"]
[EventCountry "ESP"]
[SourceTitle "EXT 2000"]
[Source "ChessBase"]
[SourceDate "1999.11.16"]
[SourceVersion "1"]
[SourceVersionDate "1999.11.16"]
[SourceQuality "1"]

1. d4 f5 2. Nf3 Nf6 3. g3 g6 4. Bg2 Bg7 5. 0-0 0-0 6. c4 d6 7. b3 Qe8 8. Bb2 h6 9. Nc3 Na6 10. Re1 e5 11. dxe5 dxe5 12. e4 f4 13. gxf4 Nh5 14. fxe5 c6 15. Re3 Bg4 16. h3 Rd8 17. Qc1 Bc8 18. Ne2 Rf7 19. c5 Nc7 20. Qc4 Ne6 21. Ng3 Nhf4 22. Bf1 Qe7 23. b4 Kh7 24. Qc2 Rdf8 25. h4 h5 26. Rd1 Bh6 27. Ra3 Nc7 28. Rd6 Bg4 29. Rf6 Nce6 30. Nh2 a6 31. f3 Bh3 32. Bc4 Bg7 33. Nf5 gxf5 34. exf5 Kh8 35. Rxf7 Qxf7 36. fxe6 Bxe6 37. Bxe6 Qxe6 38. Re3 Bh6 39. Re1 Rg8+ 40. Kh1 Rg2 41. Qxg2 Nxg2 42. Kxg2 Kg8 43. a3 Qa2 44. Re2 Qc4 45. Kf1 Bf4 46. e6 Kf8 47. e7+ Ke8 48. Bf6 Bxh2 49. Bg5 Bg3 0-1

[Event "EU-chT (Men) 09th"]
[Site "Haifa"]
[Date "1989.??.??"]
[Round "8.5"]
[White "Sanna, Gianlazzaro"]
[Black "Norri, Joose"]
[Result "0-1"]
[WhiteElo "2370"]
[BlackElo "2370"]
[PlyCount "176"]
[EventDate "1989.11.23"]
[EventType "team-swiss"]
[EventRounds "9"]
[EventCountry "ISR"]
[SourceTitle "EXT 2009"]
[Source "ChessBase"]
[SourceDate "2008.11.26"]
[SourceVersion "1"]
[SourceVersionDate "2008.11.26"]
[SourceQuality "1"]
[WhiteTeam "Italy"]
[BlackTeam "Finland"]
[WhiteTeamCountry "ITA"]
[BlackTeamCountry "FIN"]

1. d4 g6 2. Nf3 Bg7 3. c4 d6 4. g3 c6 5. Bg2 a6 6. Nc3 b5 7. cxb5 axb5 8. 0-0 Nf6 9. b4 0-0 10. a4 bxa4 11. Rxa4 Rxa4 12. Qxa4 Ba6 13. Be3 Nfd7 14. Nd2 c5 15. Nb3 Nb6 16. Qa5 cxb4 17. Qxb4 Nc4 18. Bf4 Qb6 19. Qxb6 Nxb6 20. Nd5 Nxd5 21. Bxd5 e5 22. Bg5 exd4 23. Bf3 Nd7 24. Rd1 Ne5 25. Nxd4 Nxf3+ 26. exf3 Rc8 27. Kg2 Rc3 28. Bf4 Rd3 29. Rxd3 Bxd3 30. Nc6 Bf8 31. Be3 f6 32. Nb4 Bb5 33. f4 Kf7 34. Kf3 Ke6 35. Bd4 Be7 36. Ke3 Bd8 37. Ke4 Ba5 38. Bc3 Bb6 39. Bd4 Bc5 40. Na2 f5+ 41. Ke3 Kd5 42. Nc3+ Kc4 43. Bxc5 Kxc5 44. Kd2 Bc6 45. Ke3 Bb5 46. Kd2 d5 47. Nd1 d4 48. Nb2 Kd5 49. f3 Bc6 50. Nd1 Kc5 51. Nf2 Kb4 52. Nh3 h6 53. Nf2 Kc5 54. g4 Bb5 55. h4 h5 56. gxh5 gxh5 57. Nh3 Bc6 58. Ng5 Bd5 59. Kd3 Bg8 60. Nh3 Bc4+ 61. Kd2 Bd5 62. Ng1 Kc4 63. Ne2 Bxf3 64. Ng3 Bg4 65. Nf1 d3 66. Ke3 Kc3 67. Nd2 Bh3 68. Nb1+ Kb2 69. Nd2 Kc2 70. Nc4 Bg2 71. Nd2 Bb7 72. Nc4 Ba6 73. Nd2 Kc1 74. Nb3+ Kd1 75. Nc5 Ke1 76. Nb3 Kf1 77. Nc5 Bc4 78. Nd7 Kg2 79. Nf6 Bf7 80. Nd7 Kg3 81. Ne5 Be8 82. Nxd3 Kxh4 83. Kf3 Bc6+ 84. Kf2 Bd5 85. Ne5 Be4 86. Nc4 Kg4 87. Ne3+ Kxf4 88. Nf1 h4 0-1

[Event "ITA-ch 46th"]
[Site "Cesenatico"]
[Date "1986.??.??"]
[Round "11"]
[White "Arlandi, Ennio"]
[Black "Sanna, Gianlazzaro"]
[Result "1/2-1/2"]
[WhiteElo "2360"]
[BlackElo "2380"]
[PlyCount "29"]
[EventDate "1986.??.??"]
[EventType "tourn"]
[EventRounds "13"]
[EventCountry "ITA"]
[EventCategory "5"]
[SourceTitle "EXT 2000"]
[Source "ChessBase"]
[SourceDate "1999.11.16"]
[SourceVersion "1"]
[SourceVersionDate "1999.11.16"]
[SourceQuality "1"]

1. d4 d5 2. c4 e6 3. Nf3 Nf6 4. g3 Be7 5. Bg2 0-0 6. 0-0 b6 7. Ne5 Bb7 8. Nc3 Na6 9. cxd5 exd5 10. Nd3 Ne4 11. Nf4 Nxc3 12. bxc3 Qd7 13. c4 c6 14. cxd5 cxd5 15. Qb3 1/2-1/2

[Event "ITA-ch 46th"]
[Site "Cesenatico"]
[Date "1986.??.??"]
[Round "8"]
[White "Sanna, Gianlazzaro"]
[Black "Sibilio, Mario"]
[Result "1/2-1/2"]
[WhiteElo "2380"]
[BlackElo "2305"]
[PlyCount "40"]
[EventDate "1986.??.??"]
[EventType "tourn"]
[EventRounds "13"]
[EventCountry "ITA"]
[EventCategory "5"]
[SourceTitle "EXT 2000"]
[Source "ChessBase"]
[SourceDate "1999.11.16"]
[SourceVersion "1"]
[SourceVersionDate "1999.11.16"]
[SourceQuality "1"]

1. d4 g6 2. c4 Bg7 3. Nf3 d6 4. Nc3 c6 5. e4 Bg4 6. Be3 Nd7 7. Be2 Bxf3 8. gxf3 c5 9. d5 a6 10. a4 h5 11. Qd2 Qa5 12. Ra3 Nh6 13. Kd1 f5 14. Rg1 Kf7 15. exf5 Nxf5 16. Ne4 Qxd2+ 17. Kxd2 Bf6 18. a5 Rac8 19. Nxf6 exf6 20. Rb1 Rhe8 1/2-1/2

[Event "ITA-ch45"]
[Site "Chianciano Terme"]
[Date "1985.10.24"]
[Round "12"]
[White "Sanna, Gianlazzaro"]
[Black "Belotti, Bruno"]
[Result "1/2-1/2"]
[WhiteElo "2335"]
[BlackElo "2260"]
[PlyCount "25"]
[EventDate "1985.10.12"]
[EventType "tourn"]
[EventRounds "13"]
[EventCountry "ITA"]
[EventCategory "2"]
[SourceTitle "EXT 2002"]
[Source "ChessBase"]
[SourceDate "2001.11.25"]
[SourceVersion "1"]
[SourceVersionDate "2001.11.25"]
[SourceQuality "1"]

1. d4 Nf6 2. c4 g6 3. Nc3 Bg7 4. e4 d6 5. f3 0-0 6. Bg5 c5 7. d5 e6 8. Qd2 exd5 9. cxd5 h6 10. Be3 a6 11. a4 Nh7 12. Nge2 Nd7 13. Nc1 1/2-1/2

[Event "ITA-ch45"]
[Site "Chianciano Terme"]
[Date "1985.10.19"]
[Round "7"]
[White "Sanna, Gianlazzaro"]
[Black "Zichichi, Alvise"]
[Result "1/2-1/2"]
[WhiteElo "2335"]
[BlackElo "2375"]
[PlyCount "37"]
[EventDate "1985.10.12"]
[EventType "tourn"]
[EventRounds "13"]
[EventCountry "ITA"]
[EventCategory "2"]
[SourceTitle "EXT 2002"]
[Source "ChessBase"]
[SourceDate "2001.11.25"]
[SourceVersion "1"]
[SourceVersionDate "2001.11.25"]
[SourceQuality "1"]

1. d4 d5 2. c4 c6 3. Nc3 Nf6 4. e3 e6 5. Nf3 Nbd7 6. Bd3 dxc4 7. Bxc4 b5 8. Be2 Bb7 9. 0-0 a6 10. e4 b4 11. e5 bxc3 12. exf6 cxb2 13. fxg7 Bxg7 14. Bxb2 c5 15. Rb1 Be4 16. Rc1 0-0 17. Qd2 Rb8 18. Bc3 Bxf3 19. Bxf3 1/2-1/2

[Event "ITA-ch45"]
[Site "Chianciano Terme"]
[Date "1985.10.17"]
[Round "6"]
[White "Martorelli, Antonio"]
[Black "Sanna, Gianlazzaro"]
[Result "1-0"]
[WhiteElo "2335"]
[BlackElo "2335"]
[PlyCount "49"]
[EventDate "1985.10.12"]
[EventType "tourn"]
[EventRounds "13"]
[EventCountry "ITA"]
[EventCategory "2"]
[SourceTitle "EXT 2002"]
[Source "ChessBase"]
[SourceDate "2001.11.25"]
[SourceVersion "1"]
[SourceVersionDate "2001.11.25"]
[SourceQuality "1"]

1. e4 c5 2. Nf3 Nc6 3. d4 cxd4 4. Nxd4 Nf6 5. Nc3 d6 6. Be2 e5 7. Nb3 Be7 8. f4 0-0 9. g4 exf4 10. Bxf4 Nd7 11. Qd2 Bh4+ 12. Bg3 Nde5 13. 0-0-0 Bxg3 14. hxg3 Bxg4 15. Bxg4 Nxg4 16. Rh4 Nce5 17. Rdh1 h6 18. Nd4 Qf6 19. Nd5 Qf2 20. Ne7+ Kh7 21. Rxh6+ gxh6 22. Rxh6+ Nxh6 23. Qxf2 Nc6 24. Ndxc6 bxc6 25. g4 1-0

[Event "ITA-ch45"]
[Site "Chianciano Terme"]
[Date "1985.10.15"]
[Round "4"]
[White "Bellia, Fabrizio"]
[Black "Sanna, Gianlazzaro"]
[Result "1/2-1/2"]
[WhiteElo "2265"]
[BlackElo "2335"]
[PlyCount "36"]
[EventDate "1985.10.12"]
[EventType "tourn"]
[EventRounds "13"]
[EventCountry "ITA"]
[EventCategory "2"]
[SourceTitle "EXT 2002"]
[Source "ChessBase"]
[SourceDate "2001.11.25"]
[SourceVersion "1"]
[SourceVersionDate "2001.11.25"]
[SourceQuality "1"]

1. e4 c5 2. Nf3 Nc6 3. d4 cxd4 4. Nxd4 Nf6 5. Nc3 d6 6. Bg5 e6 7. Qd2 Be7 8. 0-0-0 0-0 9. Kb1 Nxd4 10. Qxd4 Nxe4 11. Nxe4 Bxg5 12. Nxg5 Qxg5 13. f4 Qa5 14. Qxd6 Bd7 15. b4 Qa4 16. Qxd7 Qxb4+ 17. Ka1 Rad8 18. Qxd8 Qc3+ 1/2-1/2

[Event "ITA-ch44"]
[Site "Arcidosso"]
[Date "1985.04.02"]
[Round "10"]
[White "Sanna, Gianlazzaro"]
[Black "Messa, Roberto"]
[Result "1-0"]
[WhiteElo "2335"]
[BlackElo "2325"]
[PlyCount "80"]
[EventDate "1985.03.23"]
[EventType "tourn"]
[EventRounds "13"]
[EventCountry "ITA"]
[SourceTitle "EXT 2000"]
[Source "ChessBase"]
[SourceDate "1999.11.16"]
[SourceVersion "1"]
[SourceVersionDate "1999.11.16"]
[SourceQuality "1"]

1. d4 d5 2. c4 e6 3. Nc3 c5 4. cxd5 exd5 5. Nf3 Nc6 6. g3 Nf6 7. Bg2 Be7 8. 0-0 0-0 9. Bg5 cxd4 10. Nxd4 Re8 11. Rc1 h6 12. Bf4 Bg4 13. h3 Be6 14. Nxe6 fxe6 15. e4 d4 16. e5 dxc3 17. exf6 Bxf6 18. bxc3 Rc8 19. Qa4 Qe7 20. Rfe1 a6 21. h4 Qf7 22. Bh3 Rcd8 23. Re4 Rd5 24. Qc2 e5 25. Be3 Kh8 26. Ra4 Red8 27. Bg2 R5d6 28. Qe4 Qd7 29. Ra3 Be7 30. Rb3 b5 31. Rbb1 Na5 32. Bf1 Bf6 33. a4 Nc4 34. Bxc4 bxc4 35. Qxc4 Rc8 36. Qe4 Rd3 37. Rb7 Qc6 38. Qxc6 Rxc6 39. Rb6 Rxb6 40. Bxb6 Kg8 1-0

[Event "ITA-ch44"]
[Site "Arcidosso"]
[Date "1985.03.25"]
[Round "3"]
[White "Sanna, Gianlazzaro"]
[Black "Bruno, Fabio"]
[Result "1-0"]
[WhiteElo "2335"]
[BlackElo "2340"]
[PlyCount "139"]
[EventDate "1985.03.23"]
[EventType "tourn"]
[EventRounds "13"]
[EventCountry "ITA"]
[SourceTitle "EXT 2000"]
[Source "ChessBase"]
[SourceDate "1999.11.16"]
[SourceVersion "1"]
[SourceVersionDate "1999.11.16"]
[SourceQuality "1"]

1. d4 Nf6 2. c4 e6 3. Nc3 Bb4 4. Qc2 d5 5. cxd5 exd5 6. Bg5 c6 7. a3 Bd6 8. e3 0-0 9. Bd3 h6 10. Bh4 Be6 11. Nf3 Nbd7 12. 0-0 Rc8 13. b4 a5 14. Rab1 axb4 15. axb4 Qc7 16. Bg3 b5 17. Ra1 Bxg3 18. hxg3 Qd6 19. Qb3 Ne8 20. Ra6 Nc7 21. Raa1 f5 22. Rfc1 Ra8 23. Be2 Na6 24. Rcb1 g5 25. Ra3 Nc7 26. Rxa8 Rxa8 27. Qb2 Ra6 28. Ne1 Ne8 29. Nd3 Qb8 30. Nc5 Nxc5 31. dxc5 Qe5 32. Bf1 Nf6 33. Ne2 Qxb2 34. Rxb2 Ne4 35. f3 Nf6 36. Nd4 Bd7 37. Bd3 f4 38. gxf4 gxf4 39. exf4 Ra1+ 40. Kf2 h5 41. Bf5 Bxf5 42. Nxf5 Kf7 43. Nd4 Ra6 44. Kg3 Kg6 45. Re2 Ra1 46. Nxc6 h4+ 47. Kxh4 Rh1+ 48. Kg3 Nh5+ 49. Kg4 Nf6+ 50. Kg3 Nh5+ 51. Kf2 Nxf4 52. Rc2 Kf6 53. Kg3 Ne6 54. Rd2 Rh5 55. Kf2 Kf7 56. Ke3 Kf6 57. g4 d4+ 58. Nxd4 Re5+ 59. Kf2 Nf4 60. Nxb5 Ne6 61. Re2 Rg5 62. Nd6 Rg8 63. Ne4+ Kg6 64. b5 Nd4 65. Rb2 Rf8 66. b6 Rxf3+ 67. Kg2 Rf4 68. b7 Rxg4+ 69. Ng3 Nf5 70. b8Q 1-0

[Event "Banco di Roma-B"]
[Site "Rome"]
[Date "1985.??.??"]
[Round "2"]
[White "Ghitescu, Theodor"]
[Black "Sanna, Gianlazzaro"]
[Result "1-0"]
[WhiteElo "2455"]
[BlackElo "2335"]
[PlyCount "67"]
[EventDate "1985.02.16"]
[EventType "tourn"]
[EventRounds "9"]
[EventCountry "ITA"]
[EventCategory "4"]
[SourceTitle "MCD"]
[Source "ChessBase"]
[SourceDate "1999.07.01"]
[SourceVersion "1"]
[SourceVersionDate "1999.07.01"]
[SourceQuality "1"]

1. d4 d5 2. c4 e6 3. Nf3 Nf6 4. g3 Be7 5. Bg2 0-0 6. 0-0 dxc4 7. Qa4 a6 8. Qxc4 b5 9. Qc2 Bb7 10. Bf4 Nc6 11. Rd1 Nb4 12. Qc1 Nbd5 13. Nbd2 Nxf4 14. gxf4 Rc8 15. Nb3 Nd5 16. e3 Qd6 17. Nc5 Ba8 18. Qd2 Rfd8 19. a4 Qb6 20. a5 Qa7 21. b4 Nf6 22. Ne5 Bxc5 23. bxc5 Bxg2 24. Kxg2 c6 25. Qc2 g6 26. Kh1 Nd5 27. Rg1 Kf8 28. Rg3 Qe7 29. Rh3 Kg7 30. Rg1 Qf6 31. Rhg3 Rc7 32. Rg5 Kf8 33. R5g4 Qf5 34. e4 1-0

[Event "Banco di Roma-B"]
[Site "Rome"]
[Date "1985.??.??"]
[Round "3"]
[White "Sanna, Gianlazzaro"]
[Black "Passerotti, Pierluigi"]
[Result "1-0"]
[WhiteElo "2335"]
[BlackElo "2280"]
[PlyCount "65"]
[EventDate "1985.02.16"]
[EventType "tourn"]
[EventRounds "9"]
[EventCountry "ITA"]
[EventCategory "4"]
[SourceTitle "MCD"]
[Source "ChessBase"]
[SourceDate "1999.07.01"]
[SourceVersion "1"]
[SourceVersionDate "1999.07.01"]
[SourceQuality "1"]

1. d4 Nf6 2. c4 e6 3. Nc3 Bb4 4. Qc2 c5 5. dxc5 Na6 6. a3 Bxc3+ 7. Qxc3 Nxc5 8. f3 a5 9. e4 d6 10. Ne2 e5 11. Be3 Qe7 12. Qc2 0-0 13. Nc3 Be6 14. Be2 Nh5 15. 0-0 f5 16. b4 Na6 17. exf5 Bxf5 18. Nd5 Bxc2 19. Nxe7+ Kf7 20. Nd5 axb4 21. axb4 Nf6 22. Ra5 Nxd5 23. Rxd5 Nxb4 24. Rxd6 Rfb8 25. f4 e4 26. Rd7+ Kg8 27. Bd4 Nc6 28. Bxg7 Rd8 29. Rxb7 Rd2 30. Bg4 Nd8 31. Re7 Bd3 32. Bc3 Rc2 33. Re8+ 1-0

[Event "Olympiad-26"]
[Site "Thessaloniki"]
[Date "1984.12.01"]
[Round "12"]
[White "Sanna, Gianlazzaro"]
[Black "Sygulski, Artur"]
[Result "0-1"]
[WhiteElo "2315"]
[BlackElo "2420"]
[PlyCount "74"]
[EventDate "1984.11.19"]
[EventType "team-swiss"]
[EventRounds "14"]
[EventCountry "GRE"]
[SourceTitle "EXT 1997"]
[Source "ChessBase"]
[SourceDate "1996.11.15"]
[SourceVersion "1"]
[SourceVersionDate "1996.11.15"]
[SourceQuality "1"]
[WhiteTeam "Italy"]
[BlackTeam "Poland"]
[WhiteTeamCountry "ITA"]
[BlackTeamCountry "POL"]

1. d4 Nf6 2. c4 c5 3. d5 d6 4. Nc3 e5 5. e4 g6 6. h3 Bg7 7. g3 0-0 8. Bg2 a6 9. Nge2 Ne8 10. 0-0 b6 11. Rb1 Nd7 12. Be3 f5 13. Qc2 Ra7 14. b4 Ndf6 15. a4 a5 16. bxc5 bxc5 17. Kh2 f4 18. gxf4 exf4 19. Bxf4 Nh5 20. Be3 Raf7 21. f4 Bh6 22. Qd2 Qh4 23. Bf2 Qe7 24. Be3 Nxf4 25. Nxf4 Qe5 26. Kg1 Bxf4 27. Bxf4 Rxf4 28. Rxf4 Rxf4 29. Ne2 Rf8 30. Qxa5 Qh5 31. Qd2 Bxh3 32. Rb3 Bxg2 33. Kxg2 Qg4+ 34. Ng3 Nf6 35. Qe2 Qh4 36. Rf3 Re8 37. Kg1 Rb8 0-1

[Event "Nuoro"]
[Site "Nuoro"]
[Date "1984.??.??"]
[Round "?"]
[White "Sanna, Gianlazzaro"]
[Black "Rogers, Ian"]
[Result "1/2-1/2"]
[WhiteElo "2315"]
[BlackElo "2455"]
[PlyCount "71"]
[EventDate "1984.12.??"]
[EventType "tourn"]
[EventRounds "9"]
[EventCountry "ITA"]
[EventCategory "7"]
[SourceTitle "MCD"]
[Source "ChessBase"]
[SourceDate "1999.07.01"]
[SourceVersion "1"]
[SourceVersionDate "1999.07.01"]
[SourceQuality "1"]

1. d4 Nf6 2. c4 g6 3. Nc3 d5 4. cxd5 Nxd5 5. e4 Nxc3 6. bxc3 Bg7 7. Bc4 0-0 8. Ne2 Qd7 9. Be3 b6 10. 0-0 Bb7 11. f3 Nc6 12. Qd2 Na5 13. Bd3 c5 14. Rfd1 cxd4 15. cxd4 Rfc8 16. Rac1 e6 17. Rxc8+ Rxc8 18. Rc1 Rxc1+ 19. Qxc1 Nc6 20. Qc4 Qd6 21. Qa4 h5 22. Bb5 a5 23. Qc4 Na7 24. Bf4 Qd8 25. Ba4 b5 26. Bxb5 e5 27. Ba6 Bxe4 28. Bxe5 Bd5 29. Qc7 Qxc7 30. Bxc7 Nc6 31. Bb7 a4 32. Bb6 Nb4 33. Bxd5 Nxd5 34. Bc5 f5 35. Nc1 Kf7 36. Nd3 1/2-1/2

[Event "Olympiad-25"]
[Site "Luzern"]
[Date "1982.11.15"]
[Round "14"]
[White "Sanna, Gianlazzaro"]
[Black "Liverios, Thisefs"]
[Result "1/2-1/2"]
[WhiteElo "2295"]
[BlackElo "2310"]
[PlyCount "81"]
[EventDate "1982.10.30"]
[EventType "team-swiss"]
[EventRounds "14"]
[EventCountry "SUI"]
[SourceTitle "EXT 1997"]
[Source "ChessBase"]
[SourceDate "1996.11.15"]
[SourceVersion "1"]
[SourceVersionDate "1996.11.15"]
[SourceQuality "1"]
[WhiteTeam "Italy"]
[BlackTeam "Greece"]
[WhiteTeamCountry "ITA"]
[BlackTeamCountry "GRE"]

1. d4 d5 2. c4 e6 3. Nc3 c5 4. cxd5 exd5 5. Nf3 Nc6 6. g3 Nf6 7. Bg2 Be7 8. 0-0 0-0 9. dxc5 Bxc5 10. Bg5 Be6 11. Bxf6 Qxf6 12. Nxd5 Qxb2 13. Nc7 Rad8 14. Qc1 Qxc1 15. Rfxc1 Bb6 16. Nxe6 fxe6 17. Rc4 Rd5 18. h4 h6 19. Bh3 Re8 20. Re4 Kf7 21. Rc1 Kf6 22. Rcc4 g5 23. Kg2 Re7 24. Rc3 Re8 25. Nh2 Rd2 26. hxg5+ hxg5 27. a3 Nd4 28. Rce3 Kg7 29. Nf3 Nxf3 30. Rxf3 Rd6 31. Bg4 Re7 32. Rc3 Rf7 33. Bf3 Kf6 34. Bh5 Rc7 35. Rf3+ Kg7 36. Bg4 Re7 37. Rc4 Kh6 38. Rf8 Kg7 39. Rb8 Kf6 40. Rb4 Rd8 41. Rxd8 1/2-1/2